Vývoj na pracovných trhoch v krajinách V4 bakalárska práca

Salvato in:
Dettagli Bibliografici
Autore principale: Hankócyová, Milena
Ente Autore: Národohospodárska fakulta EU. Katedra sociálneho rozvoja a práce
Altri autori: Rievajová, Eva
Natura: Libro
Lingua:slovacco
Pubblicazione: Bratislava 2021
Tags: Aggiungi Tag
Nessun Tag, puoi essere il primo ad aggiungerne!!

MARC

LEADER 00000nbm a2200000 4500
001 0275241
005 20220121101633.1
041 0 |a slo 
044 |a SK 
245 1 0 |a Vývoj na pracovných trhoch v krajinách V4  |b bakalárska práca  |c Milena Hankócyová ; školiteľ: Eva Rievajová 
264 1 |a Bratislava  |c 2021 
300 |a 64 s. 
100 1 |a Hankócyová, Milena 
700 1 |a Rievajová, Eva 
710 2 |a Národohospodárska fakulta EU. Katedra sociálneho rozvoja a práce